Les pays participants à l'Eurovision - Statistiques

Statistiques générales
  • Ce quiz a été pris 144 fois
  • Le résultat moyen est 47 sur 52
Statistiques - réponses
Première participation Pays Nombre de participations Nombre de victoires % Correct
1961 Finlande 52 1
99%
1958 Suède 58 6
99%
1956 France 62 5
98%
1956 Allemagne 63 2
97%
1961 Espagne 58 2
97%
1994 Estonie 25 1
97%
1965 Irlande 52 7
97%
2000 Lettonie 19 1
97%
1994 Lituanie 19 0
97%
1960 Norvège 57 3
97%
1957 Royaume Uni 61 5
97%
1994 Russie 22 1
97%
1956 Suisse 60 2
97%
1993 Croatie 24 0
96%
1964 Portugal 51 1
96%
1956 Belgique 60 1
95%
1986 Islande 31 0
95%
1956 Italie 44 2
95%
1956 Luxembourg 37 5
95%
1994 Slovaquie 7 0
95%
1957 Autriche 51 2
94%
1974 Grèce 39 1
94%
1956 Pays Bas 59 5
94%
1994 Pologne 21 0
93%
2007 Serbie 11 1
93%
1993 Slovénie 24 0
93%
2003 Ukraine 14 2
93%
2007 République tchèque 7 0
92%
2015 Australie 5 0
91%
1957 Danemark 47 3
91%
1994 Hongrie 16 0
91%
1959 Monaco 24 1
91%
1994 Roumanie 19 0
91%
1981 Chypre 35 0
90%
2004 Albanie 15 0
89%
1998 Macédoine du Nord 18 0
89%
1971 Malte 30 0
89%
2004 Andorre 6 0
88%
2004 Biélorussie 15 0
88%
2005 Bulgarie 11 0
88%
1973 Israël 41 4
88%
1993 Bosnie-Herzégovine 19 0
87%
1975 Turquie 34 1
87%
2007 Monténégro 10 0
85%
2008 Saint Marin 9 0
85%
2006 Arménie 12 0
84%
2005 Moldavie 14 0
84%
2007 Géorgie 11 0
80%
2008 Azerbaïdjan 11 1
79%
1980 Maroc 1 0
77%
1961 Yougoslavie 27 1
67%
2004 Serbie-et-Monténégro 2 0
31%
Aucun quiz correspondant
Distribution des résultats
% des personnes avec chaque résultat
Percentile par nombre de réponses
Votre historique - résultats
Vous n’avez pas pris ce quiz